[Event "Kstovo op"]
[Site "Kstovo"]
[Date "2011.09.09"]
[Round "7"]
[White "Kruchinin, Anatoly V"]
[Black "Malyshev, Nikita"]
[Result "0-1"]
[WhiteElo "1703"]
[BlackElo "1824"]
[PlyCount "30"]
[EventDate "2011.09.03"]
[EventType "swiss"]
[EventRounds "9"]
[EventCountry "RUS"]
[SourceTitle "EXT 2014"]
[Source "ChessBase"]
[SourceDate "2013.11.20"]
[SourceVersion "1"]
[SourceVersionDate "2013.11.20"]
[SourceQuality "1"]

1. e4 e6 2. c4 c6 3. Nc3 Bb4 4. d4 d5 5. e5 Ne7 6. Nf3 c5 7. dxc5 Bxc5 8. Bg5 Nbc6 9. Bd3 Qc7 10. Bxe7 Nxe7 11. 0-0 dxc4 12. Nb5 Qc6 13. Bxc4 a6 14. Nd6+ Bxd6 15. Bb3 Bb8 0-1

[Event "Kstovo op"]
[Site "Kstovo"]
[Date "2010.09.05"]
[Round "2"]
[White "Belitzky, Dmitri G"]
[Black "Kruchinin, Anatoly V"]
[Result "1-0"]
[WhiteElo "2084"]
[BlackElo "1734"]
[PlyCount "47"]
[EventDate "2010.09.04"]
[EventType "swiss"]
[EventRounds "9"]
[EventCountry "RUS"]
[SourceTitle "EXT 2014"]
[Source "ChessBase"]
[SourceDate "2013.11.20"]
[SourceVersion "1"]
[SourceVersionDate "2013.11.20"]
[SourceQuality "1"]

1. e4 Nc6 2. d4 d5 3. e5 Bf5 4. c3 e6 5. Bd3 Nge7 6. Ne2 h6 7. b4 a6 8. a4 Bxd3 9. Qxd3 Nf5 10. Nf4 Be7 11. Ba3 0-0 12. 0-0 Re8 13. Nd2 Bg5 14. Nh3 Bxd2 15. Qxd2 Qh4 16. f4 Nfe7 17. Rf3 Ng6 18. Nf2 Qd8 19. Rf1 b5 20. a5 h5 21. Rh3 h4 22. Nd3 Kf8 23. g4 hxg3 24. hxg3 1-0

[Event "Kstovo op"]
[Site "Kstovo"]
[Date "2010.09.04"]
[Round "1"]
[White "Kruchinin, Anatoly V"]
[Black "Rostokin, Dmitry"]
[Result "1-0"]
[WhiteElo "1734"]
[BlackElo "1930"]
[PlyCount "45"]
[EventDate "2010.09.04"]
[EventType "swiss"]
[EventRounds "9"]
[EventCountry "RUS"]
[SourceTitle "EXT 2014"]
[Source "ChessBase"]
[SourceDate "2013.11.20"]
[SourceVersion "1"]
[SourceVersionDate "2013.11.20"]
[SourceQuality "1"]

1. Nf3 d5 2. Nc3 Nf6 3. d4 c5 4. Bg5 e6 5. e3 Nc6 6. Bb5 a6 7. Bxc6+ bxc6 8. Ne5 Bb7 9. f4 Be7 10. 0-0 Nd7 11. Qg4 Nxe5 12. dxe5 Bxg5 13. fxg5 Qb6 14. Na4 Qb4 15. Rf4 c4 16. b3 Qd2 17. Qf3 0-0 18. Rf1 f5 19. gxf6 g6 20. Rd4 Qxc2 21. f7+ Kg7 22. Qf6+ Kh6 23. Rh4# 1-0

[Event "Nizhnij Novgorod-ch"]
[Site "Nizhnij Novgorod"]
[Date "2010.03.??"]
[Round "?"]
[White "Bodyagin, Anton"]
[Black "Kruchinin, Anatoly V"]
[Result "1/2-1/2"]
[WhiteElo "1830"]
[BlackElo "1778"]
[PlyCount "22"]
[EventDate "2010.03.13"]
[EventType "swiss"]
[EventRounds "9"]
[EventCountry "RUS"]
[SourceTitle "EXT 2022"]
[Source "ChessBase"]
[SourceDate "2021.10.06"]
[SourceVersion "1"]
[SourceVersionDate "2021.10.06"]
[SourceQuality "1"]

1. e4 e5 2. Nf3 Nf6 3. Nxe5 d6 4. Nf3 Nxe4 5. Qe2 Qe7 6. d3 Nf6 7. Bg5 Qxe2+ 8. Bxe2 Nbd7 9. Nc3 c6 10. 0-0-0 Be7 11. Rhe1 0-0 1/2-1/2

[Event "Nizhnij Novgorod-ch"]
[Site "Nizhnij Novgorod"]
[Date "2010.03.??"]
[Round "?"]
[White "Kruchinin, Anatoly V"]
[Black "Gorozhanin, Mikhail"]
[Result "1/2-1/2"]
[WhiteElo "1778"]
[BlackElo "1940"]
[PlyCount "113"]
[EventDate "2010.03.13"]
[EventType "swiss"]
[EventRounds "9"]
[EventCountry "RUS"]
[SourceTitle "EXT 2022"]
[Source "ChessBase"]
[SourceDate "2021.10.06"]
[SourceVersion "1"]
[SourceVersionDate "2021.10.06"]
[SourceQuality "1"]

1. Nf3 Nf6 2. Nc3 d5 3. d4 g6 4. Bg5 Bg7 5. e3 0-0 6. h3 c5 7. Be2 cxd4 8. exd4 Ne4 9. Be3 Nxc3 10. bxc3 Nc6 11. 0-0 Bf5 12. Bd3 Bxd3 13. cxd3 Rc8 14. Rc1 b6 15. Qd2 e6 16. Bh6 Qd6 17. Bxg7 Kxg7 18. Rfe1 Rfd8 19. h4 b5 20. Ne5 Nxe5 21. dxe5 Qe7 22. Qg5 Qxg5 23. hxg5 Rc6 24. d4 Rdc8 25. Rb1 a6 26. a4 bxa4 27. Ra1 Rc4 28. Ra3 Rxc3 29. Rxa4 R8c6 30. Kf1 R3c4 31. Rea1 Rxa4 32. Rxa4 Rb6 33. Ke2 Kf8 34. f4 Ke7 35. g4 Kd7 36. f5 Kc6 37. Ra1 Rb2+ 38. Kd3 Kb5 39. Rh1 Rb3+ 40. Ke2 Rg3 41. fxe6 fxe6 42. Rxh7 Rxg4 43. Re7 Rxd4 44. Rxe6 Re4+ 45. Kd3 a5 46. Rxg6 Rxe5 47. Kd4 Re1 48. Rg8 Rd1+ 49. Kc3 d4+ 50. Kc2 Rg1 51. g6 Rg3 52. g7 Ka4 53. Kb2 Rg2+ 54. Kc1 Ka3 55. Ra8 Rxg7 56. Rxa5+ Kb4 57. Ra8 1/2-1/2

[Event "Nizhnij Novgorod Chunakov Memorial 10th"]
[Site "Nizhnij Novgorod"]
[Date "2010.02.27"]
[Round "?"]
[White "Kruchinin, Anatoly V"]
[Black "Pavlov, Boris S"]
[Result "0-1"]
[WhiteElo "1745"]
[BlackElo "1745"]
[PlyCount "136"]
[EventDate "2010.02.20"]
[EventType "swiss"]
[EventRounds "9"]
[EventCountry "RUS"]
[SourceTitle "EXT 2022"]
[Source "ChessBase"]
[SourceDate "2021.10.06"]
[SourceVersion "1"]
[SourceVersionDate "2021.10.06"]
[SourceQuality "1"]

1. g4 d5 2. Bg2 c6 3. c4 dxc4 4. g5 e5 5. h4 Be6 6. Nc3 Bd6 7. Nf3 Ne7 8. h5 g6 9. Ne4 Nd5 10. d4 Qc7 11. Nxd6+ Qxd6 12. dxe5 Qb4+ 13. Bd2 c3 14. bxc3 Nxc3 15. Qc2 Qg4 16. Qxc3 Qxg2 17. Rg1 Qh3 18. h6 Nd7 19. 0-0-0 Bd5 20. e6 0-0-0 21. exd7+ Qxd7 22. Bf4 Qf5 23. Qe5 Qxe5 24. Bxe5 Rhe8 25. Bf6 Rd7 26. Ne5 Rc7 27. Rd2 b5 28. Kb2 a5 29. Rc1 Kb7 30. f3 a4 31. e4 Be6 32. Rd6 c5 33. a3 c4 34. Kc3 Rec8 35. f4 b4+ 36. axb4 Ra8 37. Ra1 Ra7 38. Ra2 Ra8 39. Nf3 Bg4 40. Nd4 Bd1 41. Bd8 Rcc8 42. Ba5 Bg4 43. Nc2 Bf3 44. e5 Be4 45. Na3 Bd3 46. Rd7+ Kc6 47. Rxf7 Kd5 48. Rf6 Bf5 49. Rf7 Ke4 50. Rxh7 Kxf4 51. Rf7 Kxg5 52. h7 Kf4 53. Rc7 Rh8 54. e6 g5 55. Rf7 g4 56. Nxc4 g3 57. b5 Kg5 58. Nd6 Bxh7 59. e7 Bg6 60. e8Q Rhxe8 61. Nxe8 Rxe8 62. Rg7 Re3+ 63. Kd4 Re4+ 64. Kd5 Rf4 65. Rxa4 Rxa4 66. Bc3 g2 67. Bd4 Rxd4+ 68. Kxd4 g1Q+ 0-1

[Event "Nizhnij Novgorod Chunakov Memorial 10th"]
[Site "Nizhnij Novgorod"]
[Date "2010.02.23"]
[Round "?"]
[White "Gur, Oleg"]
[Black "Kruchinin, Anatoly V"]
[Result "1-0"]
[WhiteElo "1889"]
[BlackElo "1778"]
[PlyCount "108"]
[EventDate "2010.02.20"]
[EventType "swiss"]
[EventRounds "9"]
[EventCountry "RUS"]
[SourceTitle "EXT 2022"]
[Source "ChessBase"]
[SourceDate "2021.10.06"]
[SourceVersion "1"]
[SourceVersionDate "2021.10.06"]
[SourceQuality "1"]

1. e4 e5 2. Nf3 Nc6 3. Bb5 d6 4. Nc3 Bg4 5. h3 Bh5 6. g4 Bg6 7. d3 h5 8. g5 h4 9. Be3 a6 10. Ba4 b5 11. Bb3 Na5 12. Nd5 Nxb3 13. axb3 c5 14. Qd2 a5 15. 0-0 Ne7 16. Nc3 b4 17. Na4 Nc6 18. c3 Rb8 19. Rfb1 Be7 20. Nh2 Rh5 21. Nf3 Qd7 22. Kh2 Qe6 23. c4 Nd4 24. Bxd4 exd4 25. Rg1 Kd7 26. Rg4 Rbh8 27. Nb6+ Kc6 28. Nd5 Bd8 29. Re1 Bc7 30. Nf4 Qe8 31. Nxh5 Bxh5 32. Rf4 Bxf3 33. Rxf3 Rh5 34. Kh1 Qe7 35. Rf5 g6 36. Rd5 f6 37. gxf6 Qxf6 38. Rxh5 Qf3+ 39. Kg1 Qxh5 40. Qe2 Qe5 41. Qg4 g5 42. f3 Kb7 43. Re2 Kc6 44. Rf2 Bd8 45. f4 gxf4 46. Qxf4 Bg5 47. Qxe5 dxe5 48. Rf5 Bf4 49. Rf6+ Kb7 50. Kg2 Bg3 51. Kf3 Bh2 52. Kg4 Bg3 53. Kf5 Bf4 54. Ke6 Kc7 1-0

[Event "Nizhnij Novgorod Chunakov Memorial 10th"]
[Site "Nizhnij Novgorod"]
[Date "2010.02.20"]
[Round "?"]
[White "Kruchinin, Anatoly V"]
[Black "Krashenov, Valery"]
[Result "0-1"]
[WhiteElo "1778"]
[BlackElo "1913"]
[PlyCount "69"]
[EventDate "2010.02.20"]
[EventType "swiss"]
[EventRounds "9"]
[EventCountry "RUS"]
[SourceTitle "EXT 2022"]
[Source "ChessBase"]
[SourceDate "2021.10.06"]
[SourceVersion "1"]
[SourceVersionDate "2021.10.06"]
[SourceQuality "1"]

1. b4 Nf6 2. Bb2 e6 3. b5 d5 4. e3 Bd6 5. Nf3 c6 6. a4 Qe7 7. h3 Nbd7 8. c4 e5 9. Ba3 e4 10. Bxd6 Qxd6 11. Nd4 c5 12. Nf5 Qe5 13. Nxg7+ Kf8 14. Nc3 Kxg7 15. cxd5 Nb6 16. g4 Nbxd5 17. Rc1 b6 18. Bg2 Nxc3 19. Rxc3 Bb7 20. h4 Rhd8 21. Rc2 Bd5 22. g5 Ne8 23. Qh5 Rd6 24. 0-0 Rad8 25. Rc3 Kg8 26. Bh3 Ng7 27. Qe2 Be6 28. Bxe6 Qxe6 29. Rd1 Qh3 30. d4 Nf5 31. Qf1 Qg4+ 32. Kh2 Qxh4+ 33. Kg1 Qxg5+ 34. Qg2 Qxg2+ 35. Kxg2 0-1

[Event "Nizhnij Novgorod Chunakov Memorial 10th"]
[Site "Nizhnij Novgorod"]
[Date "2010.02.20"]
[Round "?"]
[White "Kruchinin, Anatoly V"]
[Black "Tarasov, Valery"]
[Result "1-0"]
[WhiteElo "1778"]
[BlackElo "1947"]
[PlyCount "75"]
[EventDate "2010.02.20"]
[EventType "swiss"]
[EventRounds "9"]
[EventCountry "RUS"]
[SourceTitle "EXT 2022"]
[Source "ChessBase"]
[SourceDate "2021.10.06"]
[SourceVersion "1"]
[SourceVersionDate "2021.10.06"]
[SourceQuality "1"]

1. g4 d5 2. Bg2 e5 3. c4 d4 4. Qb3 Nc6 5. a3 g6 6. h4 Nf6 7. g5 Nh5 8. d3 Bg7 9. Bf3 0-0 10. Nd2 f5 11. Bxh5 gxh5 12. f3 Qe7 13. Qd1 a5 14. Nh3 Bd7 15. Nf2 a4 16. b4 axb3 17. Qxb3 Ra7 18. Nb1 Kh8 19. 0-0 b6 20. e4 dxe3 21. Bxe3 e4 22. Ra2 Ne5 23. f4 Nf3+ 24. Kg2 Nxh4+ 25. Kg3 Ng6 26. d4 h4+ 27. Kh3 Qd6 28. c5 bxc5 29. dxc5 Qc6 30. Rd2 Rd8 31. Qd1 Be6 32. Qc1 Rb8 33. Rfd1 Rb3 34. Rd8+ Bg8 35. Qc4 Ne7 36. Rxg8+ Nxg8 37. Rd8 Rxe3+ 38. Kh2 1-0

[Event "Nizhnij Novgorod Voroniatov Memor 6th"]
[Site "Nizhnij Novgorod"]
[Date "2009.05.??"]
[Round "4"]
[White "Gur, Oleg"]
[Black "Kruchinin, Anatoly V"]
[Result "1-0"]
[WhiteElo "1922"]
[BlackElo "1800"]
[PlyCount "33"]
[EventDate "2009.05.03"]
[EventType "swiss"]
[EventRounds "8"]
[EventCountry "RUS"]
[SourceTitle "EXT 2022"]
[Source "ChessBase"]
[SourceDate "2021.10.06"]
[SourceVersion "1"]
[SourceVersionDate "2021.10.06"]
[SourceQuality "1"]

1. f4 d5 2. Nf3 Nc6 3. d3 f5 4. b3 Nf6 5. Bb2 e6 6. e3 Bc5 7. d4 Be7 8. Be2 Ne4 9. 0-0 0-0 10. c4 Rf6 11. Nfd2 Rh6 12. Nxe4 fxe4 13. Nc3 Bb4 14. g3 a5 15. f5 Bxc3 16. Bxc3 exf5 17. cxd5 1-0

[Event "Nizhnij Novgorod Voroniatov Memor 6th"]
[Site "Nizhnij Novgorod"]
[Date "2009.05.??"]
[Round "6"]
[White "Marsak, Viktor D"]
[Black "Kruchinin, Anatoly V"]
[Result "1-0"]
[WhiteElo "2035"]
[BlackElo "1800"]
[PlyCount "41"]
[EventDate "2009.05.03"]
[EventType "swiss"]
[EventRounds "8"]
[EventCountry "RUS"]
[SourceTitle "EXT 2022"]
[Source "ChessBase"]
[SourceDate "2021.10.06"]
[SourceVersion "1"]
[SourceVersionDate "2021.10.06"]
[SourceQuality "1"]

1. d4 d5 2. Nf3 Nc6 3. c4 e6 4. Nc3 Be7 5. Bf4 Nf6 6. e3 0-0 7. h3 a6 8. Rc1 Bd7 9. a3 Rc8 10. c5 Ne4 11. g4 h6 12. Bd3 g5 13. Bh2 Nxc3 14. Rxc3 Kg7 15. Bb1 Rh8 16. h4 gxh4 17. Bf4 b6 18. cxb6 cxb6 19. Ne5 b5 20. Qd3 Na5 21. Nxf7 1-0

[Event "Moscow op-B"]
[Site "Moscow"]
[Date "2009.02.07"]
[Round "8"]
[White "Radjanets, Andrey"]
[Black "Kruchinin, Anatoly V"]
[Result "0-1"]
[WhiteElo "1400"]
[BlackElo "1809"]
[PlyCount "57"]
[EventDate "2009.01.31"]
[EventType "swiss"]
[EventRounds "9"]
[EventCountry "RUS"]
[SourceTitle "EXT 2023"]
[Source "ChessBase"]
[SourceDate "2022.10.05"]
[SourceVersion "1"]
[SourceVersionDate "2022.10.05"]
[SourceQuality "1"]

1. d4 Nc6 2. Nf3 d5 3. e3 Nf6 4. c3 Bg4 5. h3 Bxf3 6. Qxf3 e5 7. Qd1 e4 8. Be2 a6 9. 0-0 Bd6 10. Nd2 Ne7 11. c4 c6 12. a3 Bb8 13. Re1 Qd6 14. Nf1 Ng6 15. Bd2 a5 16. Qb3 Qc7 17. Rec1 dxc4 18. Bxc4 0-0 19. Rc2 a4 20. Qa2 Qd7 21. Bb4 Bd6 22. Bxd6 Qxd6 23. Ng3 Ne7 24. Rac1 h5 25. Be2 h4 26. Nf5 b5 27. Rc5 Nfd5 28. Qb1 Qe6 29. Qc2 0-1

[Event "Nizhnij Novgorod Dubinin Memorial 16th"]
[Site "Nizhnij Novgorod"]
[Date "2009.01.10"]
[Round "8"]
[White "Yumatov, Robert"]
[Black "Kruchinin, Anatoly V"]
[Result "0-1"]
[WhiteElo "1882"]
[BlackElo "1809"]
[PlyCount "35"]
[EventDate "2009.01.03"]
[EventType "swiss"]
[EventRounds "9"]
[EventCountry "RUS"]
[SourceTitle "EXT 2010"]
[Source "ChessBase"]
[SourceDate "2010.11.25"]
[SourceVersion "1"]
[SourceVersionDate "2010.11.25"]
[SourceQuality "1"]

1. d4 Nf6 2. c4 b6 3. Nc3 c5 4. d5 Bb7 5. e4 d6 6. f4 Nbd7 7. Bd3 a6 8. Nf3 e5 9. dxe6 fxe6 10. 0-0 Be7 11. Ng5 Nf8 12. Bc2 h6 13. Nf3 Qc7 14. e5 N6d7 15. exd6 Bxd6 16. g3 0-0-0 17. Qe2 h5 18. Ne4 0-1

[Event "Nizhnij Novgorod Region-ch op"]
[Site "Nizhnij Novgorod"]
[Date "2008.10.??"]
[Round "5"]
[White "Volkov, Ilya2222"]
[Black "Kruchinin, Anatoly V"]
[Result "1-0"]
[WhiteElo "1696"]
[BlackElo "1846"]
[PlyCount "85"]
[EventDate "2008.10.04"]
[EventType "swiss"]
[EventRounds "9"]
[EventCountry "RUS"]
[SourceTitle "EXT 2022"]
[Source "ChessBase"]
[SourceDate "2021.10.06"]
[SourceVersion "1"]
[SourceVersionDate "2021.10.06"]
[SourceQuality "1"]

1. e4 Nc6 2. d4 d5 3. Nc3 e6 4. e5 Nge7 5. Bg5 h6 6. Be3 Nf5 7. Nf3 g5 8. h3 Nxe3 9. fxe3 f5 10. exf6 Bd6 11. Bd3 Bg3+ 12. Kd2 Qxf6 13. Rf1 Qg7 14. Qe2 Bd7 15. Rad1 0-0-0 16. Kc1 Rhe8 17. a3 Re7 18. Qd2 Rde8 19. Ne2 Bd6 20. e4 dxe4 21. Bxe4 Rf8 22. Kb1 g4 23. hxg4 Qxg4 24. Nc3 Bf4 25. Qe2 h5 26. Rh1 Rg8 27. Qd3 Bd6 28. Nb5 Kb8 29. c4 a6 30. Nc3 Rd8 31. c5 Bg3 32. Ne2 h4 33. Nxg3 hxg3 34. Rhe1 Be8 35. Bxc6 Bxc6 36. Ne5 Qg7 37. Nxc6+ bxc6 38. Qxa6 Rxd4 39. Qxc6 Qg4 40. Rxd4 Qxd4 41. Qb5+ Kc8 42. Rf1 Qg7 43. c6 1-0

[Event "Kstovo op"]
[Site "Kstovo"]
[Date "2008.09.14"]
[Round "9"]
[White "Kruchinin, Anatoly V"]
[Black "Gavrilov, Vladimir"]
[Result "1-0"]
[WhiteElo "1836"]
[BlackElo "1787"]
[PlyCount "47"]
[EventDate "2008.09.06"]
[EventType "swiss"]
[EventRounds "9"]
[EventCountry "RUS"]
[SourceTitle "CBM 126 Extra"]
[Source "ChessBase"]
[SourceDate "2008.11.05"]
[SourceVersion "1"]
[SourceVersionDate "2008.11.05"]
[SourceQuality "1"]

1. e4 c5 2. Nc3 e6 3. d4 cxd4 4. Qxd4 Nc6 5. Qe3 a6 6. Nf3 Qe7 7. Bd3 Nf6 8. 0-0 g6 9. Nd4 Nxd4 10. Qxd4 Bg7 11. Bg5 0-0 12. e5 h6 13. Bxf6 Bxf6 14. exf6 Qd8 15. Qg4 Kh7 16. h4 Rg8 17. h5 Qf8 18. Qh4 b5 19. Ne4 Bb7 20. hxg6+ fxg6 21. Ng5+ Kh8 22. f7 Rg7 23. Qxh6+ Rh7 24. Qxh7# 1-0

[Event "Kstovo op"]
[Site "Kstovo"]
[Date "2008.09.11"]
[Round "6"]
[White "Pyatnitsyn, Maxim"]
[Black "Kruchinin, Anatoly V"]
[Result "1/2-1/2"]
[WhiteElo "1857"]
[BlackElo "1836"]
[PlyCount "59"]
[EventDate "2008.09.06"]
[EventType "swiss"]
[EventRounds "9"]
[EventCountry "RUS"]
[SourceTitle "CBM 126 Extra"]
[Source "ChessBase"]
[SourceDate "2008.11.05"]
[SourceVersion "1"]
[SourceVersionDate "2008.11.05"]
[SourceQuality "1"]

1. e4 Nc6 2. d4 d5 3. e5 e6 4. Nf3 Nge7 5. c3 a6 6. Bd3 Nf5 7. 0-0 Be7 8. Bc2 h6 9. Re1 g5 10. Re2 g4 11. Ne1 b5 12. Bf4 Bg5 13. Qd2 Rg8 14. Bxg5 Qxg5 15. Qxg5 Rxg5 16. Nd2 Bd7 17. Nb3 Nce7 18. Nc5 a5 19. Ned3 h5 20. g3 h4 21. Kg2 b4 22. a3 bxc3 23. bxc3 Bb5 24. Rb1 Bc6 25. Ba4 hxg3 26. hxg3 Bxa4 27. Nxa4 Nc6 28. Rb7 Ncxd4 29. cxd4 Nxd4 30. Reb2 1/2-1/2

[Event "Kstovo op"]
[Site "Kstovo"]
[Date "2008.09.09"]
[Round "4"]
[White "Kruchinin, Anatoly V"]
[Black "Shilnikov, Igor S"]
[Result "0-1"]
[WhiteElo "1836"]
[BlackElo "1963"]
[PlyCount "64"]
[EventDate "2008.09.06"]
[EventType "swiss"]
[EventRounds "9"]
[EventCountry "RUS"]
[SourceTitle "CBM 126 Extra"]
[Source "ChessBase"]
[SourceDate "2008.11.05"]
[SourceVersion "1"]
[SourceVersionDate "2008.11.05"]
[SourceQuality "1"]

1. g4 e5 2. Nc3 d5 3. e3 c6 4. h4 Be6 5. Bg2 Be7 6. g5 h6 7. f4 hxg5 8. hxg5 Rxh1 9. Bxh1 Nd7 10. Qf3 exf4 11. exf4 d4 12. Ne4 Bd5 13. Ne2 Nc5 14. d3 g6 15. Bd2 Ne6 16. c4 dxc3 17. N2xc3 Nd4 18. Qd1 Be6 19. Be3 Qd7 20. Qa4 Nf5 21. Ke2 Nxe3 22. Kxe3 0-0-0 23. Rd1 Kb8 24. d4 Bg4 25. Rd2 Re8 26. Kf2 Qf5 27. Kg3 Bh5 28. Bf3 Bxf3 29. Kxf3 f6 30. Kg3 Qd7 31. Nc5 Bxc5 32. dxc5 Qxd2 0-1